| 000 | 00398nam a2200157Ia 4500 | ||
|---|---|---|---|
| 008 | 230718s9999 xx 000 0 und d | ||
| 041 | _aeng | ||
| 082 |
_a621.3815'48 _bBAK |
||
| 100 | _aBakshi U.A. | ||
| 245 | _aElectronic Measurements | ||
| 260 |
_c2001 _bTechanical Publications |
||
| 300 | _a510 | ||
| 365 | _cRs. | ||
| 700 | _aBakshi U.A. & Bakshi V.U. | ||
| 906 |
_dB:-19-May-2005 _cETC |
||
| 999 |
_c306227 _d306227 |
||